000 00933nam a22002057a 4500
999 _c59194
_d59194
003 Ge_BSU
005 20221213114913.0
008 221213s1958ge xxu||||| |||| 00| 0 geo d
041 _ageo
080 _a94(479.22)"1744-1798" +929.731(479.22) ქ-56
100 _aქიქოძე, გერონტი, ავტ.
_916376
245 _aერეკლე მეორე :
_b[საქართველოს მეფე 1720-1798 /
_cგერონტი ქიქოძე, გ. ჯიბლაძის შესავ. წერილით
250 _aმე-3 გამოც.
264 _aთბილისი :
_bსაბლიტგამი,
_c 1958.
300 _a211გვ. ;
_b 21სმ.
653 _aერეკლე II.
653 _aერეკლე მეორე, 1744-1798.
700 _aჯიბლაძე, გ
_e შესავალი წერილით
_916377
942 _2udc
_cBK